| 000 | 00402 a2200145 4500 | ||
|---|---|---|---|
| 008 | 240129b ||||| |||| 00| 0 eng d | ||
| 020 | _a9782090318272 | ||
| 050 |
_a PQ2469 _b.V47 2020 |
||
| 100 | _a Verne, Jules, | ||
| 245 |
_a Un capitaine de quinze ans / _cJules Verne |
||
| 260 |
_bCLE International _c2020 _aParis : |
||
| 300 |
_a64 P. ; _c18 cm |
||
| 650 | _aVerne, Jules, | ||
| 942 |
_cBK _2lcc |
||
| 999 |
_c57886 _d57886 |
||